000 00920cam a2200289 a 4500
001 2927
005 20240123164056.0
020 _a9780545279765
040 _aDLC
_cDLC
_dDLC
_beng
050 0 0 _aPZ7.S4334
_b 2009
082 0 0 _a823.92
100 1 _aScotton, Rob
245 1 0 _aMerry Christmas, Splat /
_cRob Scotton.
250 _aFirst Scholastic printing , September 2010
260 _aNew York :
_bScholastic ,
_c2009
300 _a32 unnumbered pages :
_bcolor illustrations ;
_c24 cm .
490 _a Splat the Cat
_vBook 3
505 _aM
520 _aSplat the cat is worried that he has not been good enough to deserve a visit and a present from Santa Claus.
521 1 _a540
_bLexile
521 1 _aM
_bRaz-Plus
650 1 _aCats
_vFiction.
650 1 _aChristmas
_vFiction.
650 1 _aBehavior
_vFiction.
906 _a7
_bcbc
_corignew
_d1
_eecip
_f20
_gy-gencatlg
942 _2ddc
_cBK
_n0
999 _c2927
_d2927